Geotechnical Engineering / (Record no. 11096)

MARC details
000 -LEADER
fixed length control field 01499cam a2200409 a 4500
001 - CONTROL NUMBER
control field 15065709
005 - DATE AND TIME OF LATEST TRANSACTION
control field 20201128013549.0
008 - FIXED-LENGTH DATA ELEMENTS--GENERAL INFORMATION
fixed length control field 071031s2009 enka b 001 0 eng
010 ## - LIBRARY OF CONGRESS CONTROL NUMBER
LC control number 2007045353
015 ## - NATIONAL BIBLIOGRAPHY NUMBER
National bibliography number GBA856518
Source bnb
016 7# - NATIONAL BIBLIOGRAPHIC AGENCY CONTROL NUMBER
Record control number 014589365
Source Uk
020 ## - INTERNATIONAL STANDARD BOOK NUMBER
International Standard Book Number 9780415420037 (hardback : alk. paper)
020 ## - INTERNATIONAL STANDARD BOOK NUMBER
International Standard Book Number 0415420032 (hardback : alk. paper)
020 ## - INTERNATIONAL STANDARD BOOK NUMBER
International Standard Book Number 9780415420044 (paperback : alk. paper)
020 ## - INTERNATIONAL STANDARD BOOK NUMBER
International Standard Book Number 0415420040 (paperback : alk. paper)
020 ## - INTERNATIONAL STANDARD BOOK NUMBER
International Standard Book Number 9780203927830 (ebook)
020 ## - INTERNATIONAL STANDARD BOOK NUMBER
International Standard Book Number 0203927834 (ebook)
035 ## - SYSTEM CONTROL NUMBER
System control number (OCoLC)ocn180577445
035 ## - SYSTEM CONTROL NUMBER
System control number (OCoLC)180577445
Canceled/invalid control number (OCoLC)166360350
040 ## - CATALOGING SOURCE
Original cataloging agency DLC
Transcribing agency DLC
Modifying agency BAKER
-- BTCTA
-- UKM
-- YDXCP
-- BWKUK
-- BWK
-- CDX
-- BWX
-- DLC
041 1# - LANGUAGE CODE
Language code of text/sound track or separate title eng
Language code of original and/or intermediate translations of text ita
050 00 - LIBRARY OF CONGRESS CALL NUMBER
Classification number TA705
Item number .L265 2009
082 00 - DEWEY DECIMAL CLASSIFICATION NUMBER
Classification number 624.151
Edition number 22
Item number LAN
100 1# - MAIN ENTRY--PERSONAL NAME
Personal name Lancellotta, Renato.
9 (RLIN) 2671
245 10 - TITLE STATEMENT
Title Geotechnical Engineering /
Statement of responsibility, etc Renato Lancellotta.
250 ## - EDITION STATEMENT
Edition statement 2nd ed.
260 ## - PUBLICATION, DISTRIBUTION, ETC. (IMPRINT)
Place of publication, distribution, etc London ;
-- New York :
Name of publisher, distributor, etc Taylor & Francis,
Date of publication, distribution, etc c2009.
300 ## - PHYSICAL DESCRIPTION
Extent xx, 499 p. :
Other physical details ill. ;
Dimensions 26 cm.
500 ## - GENERAL NOTE
General note "First English language edition published 1995 by A.A. Balkema"--T.p. verso.
504 ## - BIBLIOGRAPHY, ETC. NOTE
Bibliography, etc Includes bibliographical references (p. [472]-493) and index.
546 ## - LANGUAGE NOTE
Language note Translated from the Italian.
650 #0 - SUBJECT ADDED ENTRY--TOPICAL TERM
Topical term or geographic name as entry element Engineering geology.
9 (RLIN) 2672
650 #0 - SUBJECT ADDED ENTRY--TOPICAL TERM
Topical term or geographic name as entry element Soil mechanics.
9 (RLIN) 2673
650 #0 - SUBJECT ADDED ENTRY--TOPICAL TERM
Topical term or geographic name as entry element Rock mechanics.
9 (RLIN) 2674
942 ## - ADDED ENTRY ELEMENTS (KOHA)
Source of classification or shelving scheme Dewey Decimal Classification
Item type Book - Borrowing
Holdings
Withdrawn status Item status Source of classification or shelving scheme Damaged status Not for loan Vendor Home library Current library Shelving location Date acquired Source of acquisition Cost, normal purchase price Serial Enumeration / chronology Total Checkouts Total Renewals Full call number Barcode Date last seen Date last borrowed Koha item type
    Dewey Decimal Classification     Alahram Central Library Central Library First floor 22/03/2009   324.00 360 1 19 624.151 LAN 000015456 15/07/2025 18/02/2016 Book - Borrowing
    Dewey Decimal Classification     Alahram Central Library Central Library First floor 09/04/2009   324.00 371 1   624.151 LAN 000015854 15/07/2025 10/12/2012 Book - Borrowing